000 00710nam a2200241Ia 4500
003 OSt
005 20220927105232.0
006 a|||||r|||| 00| 0
007 ta
008 220926b |||||||| |||| 00| 0 eng d
024 _a188011
037 _cReference Collections
040 _aRTL
_cRTL
_beng
041 _2eng
_aeng
082 _a"B33, L4/SC"
100 _aHirsch Morris W
_9371218
245 0 _aDifferential equations dynamical systems and linear algebra.
260 _aNew
_bYork Academic Press
_c1974
300 _a"xi,358p."
_ccm.
700 _a Smale Stephen
_9371219
942 _h"B33, L4/SC"
_cCC
999 _c691442
_d691442